Verbose Movie Titles Quiz Stats

 Plays Quiz Updated Jan 17, 2017

Challenge
Share
Tweet
Embed
Score 0/20 Timer 10:00
0 Plays Today
Verbose Title Movie % Correct
Rhythmically Moves Alongside Wild CaninesDances With Wolves
86.1%
12.87 Kilometre8 Mile
78.1%
A Quartet of Nuptials Partnered With a Ceremony to Mark an Individual's DeathFour Weddings and a Funeral
72.5%
Employee Assigned the Task of Operating a Vehicle for HireTaxi Driver
65.8%
Suffering From the Symptoms of Insomnia While Residing in the Seaport Situated on an Isthmus Between Puget Sound and Lake WashingtonSleepless in Seattle
65.8%
Producing Musical Tones By Vocal Resonation During the Condensation of Atmospheric Water Vapour Into Liquid PrecipitationSingin' in the Rain
63.1%
Place Me in Captivity on the Condition That You Possess the Ability to Do SoCatch Me If You Can
62.7%
The Future Necessitates the Existence of Red Bodily FluidThere Will Be Blood
60%
The Commonly Encountered Persons Under Suspicion of Criminal ActivityThe Usual Suspects
58%
The Titled Peer of the Realm With Authority Over the Circlets of Precious Metal: The Association of Individuals Sharing a Common Activity Related to One of Those CircletsThe Lord of the Rings: The Fellowship of the Ring
56.4%
Verbose Title Movie % Correct
An Unspecified Number of People Hold A Preference for a High TemperatureSome Like It Hot
55.7%
Devoid of Any Location Designated as a National Home for the Elderly Male DemographicNo Country for Old Men
54.8%
The Absence of Auditory Effects Attributable to the Flock of Young Ruminant MammalsThe Silence of the Lambs
51.7%
Those Who Illegally Procure Items That Hitherto Were Situated Within the Sacred Chest That Currently Occupies an Unknown LocationRaiders of the Lost Ark
48.8%
The Official Principles of the Architectural Structure Used for the Manufacture of Beverages Derived From Apple JuiceThe Cider House Rules
42.2%
Prior to the Atmospheric Phenomena Accompanying the Daily Appearance of our Solar System's Heat SourceBefore Sunrise
40.2%
Cosmic Cataclysm in the Historical PresentApocalypse Now
37.3%
Dysfunction of the Vestibular System in the Inner EarVertigo
29.7%
Hymn of Mourning Composed as a Memorial to a Succession of Mental Images and Emotions Occurring During a State of Suspended ConsciousnessRequiem for a Dream
26.7%
Offspring Belonging to a Comparatively Inferior Supernatural BeingChildren of a Lesser God
23.2%

You're not logged in!

Compare scores with friends on all Sporcle quizzes.
Join for Free
OR
Log In

You Might Also Like...

Show Comments

Extras

Top Quizzes Today


Score Distribution

Your Account Isn't Verified!

In order to create a playlist on Sporcle, you need to verify the email address you used during registration. Go to your Sporcle Settings to finish the process.

Report this User

Report this user for behavior that violates our Community Guidelines.

Details: